000
00277nam a2200121Ia 4500
008
190216s9999||||xx |||||||||||||| ||und||
100
_a
Bernard Shaw
245
0
_a
Arms And The Man
260
_b
Orient Longman
_c
1995
300
_a
112p
650
_a
English Drama
942
_c
BK
999
_c
11851
_d
11851